000 00437nam a2200193Ia 4500
005 20250603145615.0
008 250603s9999 xx 000 0 und d
020 _a0-393-92497-1
050 _aBF 121.G393/
100 _aMichael S. Gazzaniga
245 0 _aPsychological Science
250 _a2
260 _aLondon
260 _bW. W. Norton & Company
260 _c2006
300 _a652 p
650 _aLondon
942 _cBK
999 _c42335
_d42335